Countries with interrupted coasts - Statistics

General Stats
  • This quiz has been taken 289 times
  • The average score is 26 of 34
Answer Stats
Country % Correct
North America United States
97%
North America Canada
96%
North America Mexico
94%
Europe France
93%
Europe Spain
92%
Europe Russia
90%
North America Panama
88%
South America Colombia
87%
Europe Germany
85%
North America Honduras
85%
North America Nicaragua
85%
North America Guatemala
84%
North America Costa Rica
82%
Asia Indonesia
81%
Europe Croatia
80%
Asia Malaysia
80%
Europe Turkey
80%
Asia Thailand
78%
Africa Egypt
76%
Asia Saudi Arabia
76%
Africa Senegal
73%
Europe Ukraine
72%
Europe Netherlands
71%
Europe Poland
69%
Europe Belgium
67%
Asia Israel
67%
Asia North Korea
67%
Asia Oman
65%
Asia UAE
65%
Africa Morocco
61%
Africa Angola
60%
Europe Lithuania
56%
Asia Brunei
51%
Asia East Timor
45%
No matching quizzes found
Score Distribution
Percent of People with Each Score
Percentile by Number Answered
Your Score History
You have not taken this quiz